1751 1947 1908 1577 1692 1629 1495 1186 1457 1774 1668 1126 1072 1231 1502 1016 1897 1408 1284 1561 1301 1144 1426 1944 1504 1931 1455 1569 1249 1348 1397 1003 1327 1097 1396 1588 1849 1493 1062 1158 1154 1739 1147 1136 1109 1147 1849 1800 1563 1787 1556 1655 1107 1680 1585 1737 1928 1348 1784 1471 1968 1400 1770 1992 1097 1290 1153 1058 1093 1430 1577 1417 1642 1579 1249 1320 1667 1033 1921 1769 1804 1673 1005 1217 1470 1778 1815 1551 1961 1883 1178 1428 1924 1283 1486 1863 1111 1246 1267 BCNSPRNW ULIB Ver.6.0+V

เปลี่ยนเป็นภาษาไทย

Change to English
 แสดงรายละเอียดบรรณานุกรม
  กลับหน้าหลัก

Brief Record : Get Marc (ISO 2709) : E-mail record : QR code < ปิดหน้าต่าง
LEADER : 00000nam 2200000uu 4500
001    13399127055
003     ULIB
008    020711s2558 th a 000 0 tha d
020    ^a9786162275623
060    ^aWS103^bต-ห
100    ^aตุ๊บปอง
245    ^aหนังสือสนุกของตะนอยน้อย ชุดสนุกนึก สนุกนับ
250    ^aพิมพ์ครั้งที่ 1
260    ^aกรุงเทพฯ :^bบริษัท แปลน ฟอร์ คิดส์ จำกัด,^c2558
300    ^a22 หน้า;^b21 ซม.
650    ^aเด็ก^xการเรียนการสอน
945    ^p95^l0^i006243
999    ^aประนอม เกษจรัล
รายการนี้ยังไม่มีแท็ก
คุณยังไม่ได้ล็อกอิน คุณสามารถมีกิจกรรมร่วมกับเว็บไซต์ได้ แต่ต้องล็อกอินก่อน ::
  ล็อกอิน

รายการสื่อสารสนเทศ

ลำดับที่ ประเภท เลขเรียก/บาร์โค้ด สถานที่ สถานะ
1. วิทยาศาสตร์การแพทย์ และสุขภาพ
วิทยาศาสตร์การแพทย์ และสุขภาพ
WS103 ต-ห ฉ.1 
  Barcode: 006243
ห้องสมุดวิทยาเขตสวรรค์ประชารักษ์
►หนังสือทั่วไป
บนชั้น

รายการใกล้เคียง
    ผู้แต่ง [ตุ๊บปอง]

BibComment


ยังไม่เคยถูกคอมเมนท์

คอมเมนท์ทรัพยากรรายการนี้
  คอมเมนท์: หนังสือสนุกของตะ..


 Copyright 2026. Bcnsprnw @Library